Майстер Іванко (Запис № 17333)

000 -Маркер запису
Контрольне поле сталої довжини 01222nam a22002537a 4500
003 - Належність контрольного номера
Контрольне поле Uzh_bibl
008 - Кодовані дані
Контрольне поле сталої довжини 260415b |||||||| |||| 00| 0 ukr d
020 ## - Індекс ISBN
ISBN 5-7757-0222-0
Ціна 0,50
040 ## - Джерело каталогіз.
Код мови каталог. укр.
041 ## - Код мови видання
Код мови оригіналу українська
Код мови тексту українська
080 ## - Індекс УДК
Індекс УДК 087
090 ## - Шифри
Поличний індекс 087
Авторський знак М-14
100 ## - Автор
Автор -
245 ## - Назва
Назва Майстер Іванко
Продовж. назви Українські народні казки
Відповідальність худож. А. М. Медвецька
Фізичний носій Текст
260 ## - Вихідні дані
Місце видання Ужгород
Видавництво "Карпати"
Дата видання 1992
300 ## - Фізичний опис
Обсяг 46 с.
Ілл./тип відтвор. іл.
520 ## - Анотація
Анотація До книжки ввійшли кращі зразки українських народних казок, записаних П.В. Лінтуром, С.Г. Пушиком, М.Г. Івасюком на Закарпатті, Прикарпатті та Буковині.
521 ## - Примітка про цільове призначення
Примітка про цільове призначення Для широкого кола читачів
546 ## - Примітка про мову
Примітка про мову укр.
650 ## - Тематичні рубрики
Основна рубрика Літературно-художнє видання
Основна підрубрика Літературно-художнє видання
653 ## - Ключові слова
Ключові слова Майстер Іванко
-- Три брати й грабіна
-- Парубок Гуцул і царівна
655 ## - Термін індексування — жанр/форма
Жанр/форма Художня література
Типове ділення Казки
942 ## - ADDED ENTRY ELEMENTS (KOHA)
Джерело класифікації чи схема поличного розташування
Koha item type Книги
Фонди
Статус вилучення Статус втрати/відсутності Джерело класифікації чи схема поличного розташування Статус пошкодження Тип обігу (не для випозичання) Постійне розташування Поточне розташування Розташування у відділі Дата надходження Інвентарний номер Total Checkouts Повний (примірниковий) шифр зберігання Штрих-код Date last seen Дата, для якої чинна ціна заміни Тип одиниці (рівень примірника)
          Бібліотека-філія №2 Бібліотека-філія №2 Абонемент молодший відділ 15/04/2026 57048/9   087 19703 15/04/2026 15/04/2026 Книги

Працює на АБІС Коха